00422nam a2200121Ia 4500008004100000100002400041245005000065245004300115260000900158856004100167999001900208952007300227160531s9999 xx 000 0 und d aGarban, Christophe. aLectures on Noise Sensitivity and Percolation cby Christophe Garban, Jeffrey E. Steif c2011 uhttp://arxiv.org/pdf/1102.5761v3.pdf c295290d295290 001040aCLbCLd2016-05-31l0r2016-05-31 00:00:00w2016-05-31yCBE